Southville International School and Colleges
Your cart is empty.
  • Cart
  • Lists
    Public lists Eva Luna New books Lux_list list_1
    Your lists Log in to create your own lists
  • Log in to your account
  • Your cookies
  • Search history
Southville International School and Colleges
  • Advanced search
  • Recent comments
  • Most popular
  • Libraries

Log in to your account

Log in with GOOGLE


If you do not have an external account, but do have a local account, you can still log in:

  1. Home
  2. MARC view: International human resource management :
Normal view MARC view ISBD view

International human resource management : (Record no. 276723)

[ view plain ]
MARC details
000 -LEADER
fixed length control field 00813nam a22002535i 4500
001 - CONTROL NUMBER
control field 17737696
005 - DATE AND TIME OF LATEST TRANSACTION
control field 20141106150336.0
008 - FIXED-LENGTH DATA ELEMENTS--GENERAL INFORMATION
fixed length control field 130514s2013 cau 000 0 eng
010 ## - LIBRARY OF CONGRESS CONTROL NUMBER
LC control number 2013940262
020 ## - INTERNATIONAL STANDARD BOOK NUMBER
International Standard Book Number 9780857029751 (hardback)
020 ## - INTERNATIONAL STANDARD BOOK NUMBER
International Standard Book Number 9780857029768 (pbk.)
040 ## - CATALOGING SOURCE
Original cataloging agency DLC
Language of cataloging eng
Description conventions rda
Transcribing agency DLC
042 ## - AUTHENTICATION CODE
Authentication code pcc
050 ## - LIBRARY OF CONGRESS CALL NUMBER
Classification number HF 5549.5.E45
Item number .In8r 2014
245 10 - TITLE STATEMENT
Title International human resource management :
Remainder of title an employment relations perspective /
Statement of responsibility, etc [edited by] Miguel Martinez Lucio.
250 ## - EDITION STATEMENT
Edition statement 1st edition.
260 ## - PUBLICATION, DISTRIBUTION, ETC. (IMPRINT)
Place of publication, distribution, etc Singapore :
Name of publisher, distributor, etc Sage Publication,
Date of publication, distribution, etc c2014.
263 ## - PROJECTED PUBLICATION DATE
Projected publication date 1312
300 ## - PHYSICAL DESCRIPTION
Extent 305 pages :
Other physical details illustrations ;
Dimensions 24 cm.
521 ## - TARGET AUDIENCE NOTE
Target audience note Business Administration
906 ## - LOCAL DATA ELEMENT F, LDF (RLIN)
a 0
b ibc
c orignew
d 2
e epcn
f 20
g y-gencatlg
942 ## - ADDED ENTRY ELEMENTS (KOHA)
Source of classification or shelving scheme Library of Congress Classification
Koha item type Books
Call number prefix Foreign
Holdings
Withdrawn status Lost status Source of classification or shelving scheme Damaged status Home library Current library Shelving location Date acquired Source of acquisition Sub Shelving location Total Checkouts Full call number Barcode Date last seen Price effective from Koha item type
    Library of Congress Classification   College Library College Library Reserve Section 11/06/2014 Library Fund     HF 5549.5.E45 .In8r 2014 C18843 05/15/2018 11/06/2014 Books

International human resource management :

APA

(2014). International human resource management. Singapore: Sage Publication.

Chicago

2014. International human resource management. Singapore: Sage Publication.

Harvard

(2014). International human resource management. Singapore: Sage Publication.

MLA

International human resource management. Singapore: Sage Publication. 2014.

  • Place hold
  • Print
  • Cite
  • Add to your cart (remove)
  • Save record
    BIBTEX Dublin Core MARCXML MARC (non-Unicode/MARC-8) MARC (Unicode/UTF-8) MARC (Unicode/UTF-8, Standard) MODS (XML) RIS
  • More searches
    Search for this title in:
    Other Libraries (WorldCat) Other Databases (Google Scholar) Online Stores (Bookfinder.com) Open Library (openlibrary.org)

Exporting to Dublin Core...

SOUTHVILLE LIBRARY

Southville International School and Colleges Library

1281 Tropical Ave. Cor. Luxembourg St., BF Homes International, Las Pinas City

Tel. No. 8256374 / 252358 Loc. 117/146

Powered by Koha